Sieger des Pokals/der Liga - Statistiken

Allgemein
  • Dieses Quiz wurde 9 mal gespielt
  • Das Durchschnittsergebnis liegt bei 17 aus 26
Antwortstatistiken
Hint Champions League Europa League Conference League Premier League Bundesliga % Korrekt
14/15 FC Barcelona FC Sevilla keiner FC Chelsea FC Bayern München
78%
10/11 FC Barcelona FC Porto keiner Manchester United Borussia Dortmund
78%
08/09 FC Barcelona Shakhtar Donetsk keiner Manchester United VfL Wolfsburg
78%
05/06 FC Barcelona FC Sevilla keiner FC Chelsea FC Bayern München
78%
18/19 FC Liverpool FC Chelsea keiner Manchester City FC Bayern München
78%
04/05 FC Liverpool ZSKA Moskau keiner FC Chelsea FC Bayern München
78%
25/26 keiner Aston Villa keiner FC Arsenal FC Bayern München
78%
23/24 Real Madrid Atalanta Bergamo Olympiakos Piräus Manchester City Bayer Leverkusen
78%
21/22 Real Madrid Eintracht Frankfurt AS Roma Manchester City FC Bayern München
78%
17/18 Real Madrid Atletico Madrid keiner Manchester City FC Bayern München
78%
16/17 Real Madrid Manchester United keiner FC Chelsea FC Bayern München
78%
15/16 Real Madrid FC Sevilla keiner Leicester City FC Bayern München
78%
13/14 Real Madrid FC Sevilla keiner Manchester City FC Bayern München
78%
02/03 Real Madrid FC Porto keiner Manchester United FC Bayern München
78%
00/01 Real Madrid FC Liverpool keiner Manchester United FC Bayern München
78%
03/04 FC Porto FC Valencia keiner FC Arsenal Werder Bremen
67%
07/08 Manchester United Zenit St. Petersburg keiner Manchester United FC Bayern München
67%
24/25 Paris Saint-Germain Tottenham Hotspurs FC Chelsea FC Liverpool FC Bayern München
67%
19/20 Bayern München FC Sevilla keiner FC Liverpool FC Bayern München
56%
09/10 Inter Mailand Atletico Madrid keiner FC Chelsea FC Bayern München
56%
22/23 Manchester City FC Sevilla West Ham United Manchester City FC Bayern München
56%
06/07 AC Milan FC Sevilla keiner Manchester United VfB Stuttgart
44%
12/13 FC Bayern München FC Chelsea keiner Manchester United FC Bayern München
33%
01/02 FC Bayern München Feyenoord Rotterdam keiner FC Arsenal Borussia Dortmund
33%
20/21 FC Chealsea FC Villarreal keiner Manchester City FC Bayern München
33%
11/12 FC Chealsea Atletico Madrid keiner Manchester City Borussia Dortmund
33%
Keine übereinstimmenden Quizze gefunden
Verteilung der Resultate
Anzahl Personen mit jedem Resultat
Perzentil nach korrekt beantworteten Fragen
Ihre Resultats-Entwicklung
Sie haben dieses Quiz noch nicht gespielt